| 000 | 00745cam a2200229 a 4500 | ||
|---|---|---|---|
| 005 | 20250808063911.0 | ||
| 008 | 191125s2019 mx a br 000 0 spa d | ||
| 020 | _a9786075511511 | ||
| 035 | _aUPN01000234251 | ||
| 040 |
_aMX-MxUPN _bspa _cMX-MxUPN |
||
| 050 | 4 |
_aLB1589 _bM63 2019 |
|
| 245 | 0 | 0 |
_aDesafíos matemáticos : _btercer grado |
| 250 | _aTercera edición | ||
| 260 |
_aMéxico : _bSEP, Dirección General de Materiales Educativos , _c2019. |
||
| 300 |
_a221 páginas : _bilustraciones a color |
||
| 500 | _a"Ciclo escolar 2019-2020". | ||
| 650 | 4 |
_aMatemáticas _xEstudio y enseñanza (Elemental) _92809 |
|
| 650 | 4 |
_aMatemáticas _vLibros de texto _919875 |
|
| 905 | _aLibro | ||
| 942 |
_2lcc _cLIBRO |
||
| 999 |
_c206346 _d206346 |
||